Persistencia del ángel : (Registro nro. 13676)
[ vista simple ]
| 000 -LEADER | |
|---|---|
| fixed length control field | 00748nam a22002417a 4500 |
| 003 - CONTROL NUMBER IDENTIFIER | |
| control field | OSt |
| 005 - DATE AND TIME OF LATEST TRANSACTION | |
| control field | 20210823113437.0 |
| 008 - FIXED-LENGTH DATA ELEMENTS--GENERAL INFORMATION | |
| fixed length control field | 210311b2020 dr | 00| 0 spa d |
| 020 ## - INTERNATIONAL STANDARD BOOK NUMBER | |
| International Standard Book Number | 9789945096422 |
| 040 ## - CATALOGING SOURCE | |
| Original cataloging agency | DO-SdBNP |
| Language of cataloging | spa |
| Transcribing agency | BPMSU |
| 082 #4 - DEWEY DECIMAL CLASSIFICATION NUMBER | |
| Classification number | RD863.44 |
| Item number | Z35p, 2020 |
| Edition number | 22 |
| 100 1# - MAIN ENTRY--PERSONAL NAME | |
| Personal name | Zapata, César Augusto |
| Dates associated with a name | 1959- |
| 245 10 - TITLE STATEMENT | |
| Title | Persistencia del ángel : |
| Remainder of title | lugares comunes en la vida de Claudio Cruz / |
| Statement of responsibility, etc. | César Augusto Zapata |
| 250 ## - EDITION STATEMENT | |
| Edition statement | 2a. ed. |
| 260 ## - PUBLICATION, DISTRIBUTION, ETC. (IMPRINT) | |
| Place of publication, distribution, etc. | Santo Domingo : |
| Name of publisher, distributor, etc. | Bùho, |
| Date of publication, distribution, etc. | 2020. |
| 300 ## - PHYSICAL DESCRIPTION | |
| Extent | 123 p. ; |
| Dimensions | 24 cm |
| 500 ## - GENERAL NOTE | |
| General note | Incluye datos biográficos del autor en las solapas |
| 590 ## - LOCAL NOTE (RLIN) | |
| Local note | Inventariado, 2021 /VM |
| 650 #4 - SUBJECT ADDED ENTRY--TOPICAL TERM | |
| Topical term or geographic name as entry element | Novela dominicana |
| 650 #4 - SUBJECT ADDED ENTRY--TOPICAL TERM | |
| Topical term or geographic name as entry element | Literatura dominicana |
| 910 ## - USER-OPTION DATA (OCLC) | |
| User-option data | VMateo V. |
| 942 ## - ADDED ENTRY ELEMENTS (KOHA) | |
| Source of classification or shelving scheme | Dewey Decimal Classification |
| Koha item type | Libros |
| Withdrawn status | Lost status | Source of classification or shelving scheme | Damaged status | Not for loan | Collection code | Home library | Current library | Date acquired | Source of acquisition | Full call number | Barcode | Date last seen | Price effective from | Koha item type |
|---|---|---|---|---|---|---|---|---|---|---|---|---|---|---|
| Dewey Decimal Classification | Colección Dominicana | Biblioteca Pública Metropolitana Salomé Ureña | Biblioteca Pública Metropolitana Salomé Ureña | 08/23/2021 | Editora Búho | BPMSU CD RD863.44 Z35p 2020 | BPMSU21080078 | 08/23/2021 | 08/23/2021 | Libros |